00478nam a22001337a 450000500170000000800410001704100130005808200150007110000270008624501710011326000090028430000260029365000250031920231124123448.0231124b |||||||| |||| 00| 0 eng d aEnglish  a340.5 PAT  aPatemann, H lEnglish  aTraditional Authorities in Process : bTradition, colonial distortion and re-appropriation within the secular, democratic and unitary state of Namibia / cH Patemann  c2002 b181 pages ; c30 cm.  aLegal practice bLaw